| 000 | 03199nam a2200265Ia 4500 | ||
|---|---|---|---|
| 003 | Ost | ||
| 005 | 20260507075446.0 | ||
| 008 | 260507s9999||||xx |||||||||||||| ||und|| | ||
| 020 | _ax254639957 | ||
| 040 | _cfsecg | ||
| 041 | _aara | ||
| 082 | _a351.0285 | ||
| 100 | _eمؤلف | ||
| 245 | 0 |
_aالتكنولوجيا الإلكترونية : _bالإدارة الإلكترونية - الحكومة الإلكترونية - الصحافة الإلكترونية - التسوق الإلكتروني / |
|
| 250 | _aطبعة 1 | ||
| 260 |
_aعمان: _bدار كنوز المعرفة للنشر, _c2007 |
||
| 300 |
_a224 صفحة؛ _bإيضاحات ؛ _c24 سم |
||
| 504 | _aبيبليوغرافيا ص.223 | ||
| 520 | _aيعرض هذا الكتاب في محتوياته مايلي : مقدمة : الفصل الأول : مبادئ ومواصفات الإدارة الإلكترونية : تمهيد : تعريف الإدارة الإلكترونية : توجهات الإدارة الإلكترونية – الفصل الثاني : الحكومة الإلكترونية : مفهومها، نظامها ، عناصرها : تمهيد : تعريف الحكومة الإلكترونية : ركائز الحكومة الإلكترونية – الفصل الثالث : الحكومة الإلكترونية بين الأصالة والاستنساخ : تمهيد : تصنيف مجال التجارة الإلكترونية من خلال طبيعة المعاملات – الفصل الرابع : الحكومة الإلكترونية واقعها وآفاق تطبيقها في بعض الدول : تمهيد : نشأة الحكومة الإلكترونية : تعريف الحكومة الإلكترونية – الفصل الخامس : الصحافة الإلكترونية : الصحافة الإلكترونية في عالم الحوار : الصحافة الإلكترونية الطفل المعجزة – الفصل السادس : التجارة الإلكترونية : المفهوم والأنماط للتجارة الإلكترونية : التجارة الإلكترونية اتجار بالخدمة لا بالبضائع – الفصل السابع : الحلول الإلكترونية : القضايا الاستراتيجية والفنية للحلول الالكترونية – الفصل الثامن : التسويق الإلكتروني : ما هو التسويق الإلكتروني : ماهية التسويق الإلكتروني – الفصل التاسع : عوامل بيئية أساسية تؤثر على التسويق الإلكتروني – الفصل العاشر : الاتصال في التسويق الإلكتروني – الفصل الحادي عشر : تكنولوجيا التسويق الإلكتروني – الفصل الثاني عشر : إدارة مدرسة المستقبل الإلكترونية – الفصل الثالث عشر : اتحاد شركات انظمة المعلومات الفلسطينية | ||
| 653 | _aالادارة الكترونية | ||
| 653 | _aالحكومة الكترونية | ||
| 653 | _aالصحافة الالكترونية | ||
| 653 | _aتكنولوجية المعلومات | ||
| 942 | _cكتاب | ||
| 999 |
_c44587 _d44587 |
||